LES 10 MEILLEURS PASSEURS DE L'HISTOIRE DU REAL MADRID. - Statistiques

Statistiques générales
  • Ce quiz a été pris 145 fois
  • Le résultat moyen est 5 sur 10
Statistiques - réponses
RANG NOM PASSES D % Correct
1 KARIM BENZEMA 165
97%
4 CRISTIANO RONALDO 131
93%
8 TONI KROOS 98
84%
3 RAUL 133
64%
7 MARCELO 103
56%
10 LUIS FIGO 93
37%
5 ROBERTO CARLOS 116
32%
9 GUTI 94
29%
6 EMILIO BUTRAGUENO 111
11%
2 MICHEL 151
8%
Aucun quiz correspondant
Distribution des résultats
% des personnes avec chaque résultat
Percentile par nombre de réponses
Votre historique - résultats
Vous n’avez pas pris ce quiz